| 000 | 00610nam a2200205 a 4500 | ||
|---|---|---|---|
| 001 | BRCA_7435 | ||
| 005 | 20190320205832.0 | ||
| 008 | 050413s1945----nyua######---#000-0#eng-# | ||
| 041 | _aeng | ||
| 044 | _anyu | ||
| 050 | 4 |
_aNC1428 _b.S76 1945 |
|
| 245 | 1 | 0 |
_aStop or i´ll scream _ban album of more than 300 funny drawings by nearly fifty of collier´s cartoonists _ced. by Gurney Williams. |
| 260 |
_aNueva York _bR. M. McBride _c1945 |
||
| 300 |
_a160 p. _bil. |
||
| 500 | _aQ180 | ||
| 650 | 1 | 4 |
_aHumorismo estadounidense _910411 |
| 700 | 1 |
_aWilliams, Gurney _eed. _918318 |
|
| 902 | _aGFM | ||
| 942 |
_2lcc _cB |
||
| 999 |
_c7111 _d7111 |
||